[Event "RSA-ch U08"]
[Site "Bloemfontein"]
[Date "2016.03.21"]
[Round "3"]
[White "Olkers, Declan"]
[Black "Govender, Kaedan"]
[Result "0-1"]
[WhiteElo "781"]
[BlackElo "978"]
[PlyCount "39"]
[EventDate "2016.03.20"]
[EventType "swiss"]
[EventRounds "11"]
[EventCountry "RSA"]
[SourceTitle "CBM 171 Extra"]
[Source "ChessBase"]
[SourceDate "2016.04.26"]
[SourceVersion "1"]
[SourceVersionDate "2016.04.26"]
[SourceQuality "1"]

1. e4 e5 2. Nf3 Nc6 3. Bc4 Nf6 4. Nc3 Nxe4 5. 0-0 d5 6. Nxd5 Be6 7. Ne3 Bxc4 8. Nxc4 Nd4 9. Nfxe5 Qd5 10. d3 Nf6 11. Re1 0-0-0 12. c3 Nf5 13. Bg5 Bd6 14. Nxd6+ cxd6 15. c4 Qe6 16. Nf3 h6 17. Rxe6 fxe6 18. Bd2 b5 19. Ba5 Rdg8 20. Bc3 0-1

[Event "RSA-ch U08"]
[Site "Bloemfontein"]
[Date "2016.03.20"]
[Round "1"]
[White "Olkers, Declan"]
[Black "Coetsee, Dewald"]
[Result "1-0"]
[WhiteElo "781"]
[BlackElo "679"]
[PlyCount "45"]
[EventDate "2016.03.20"]
[EventType "swiss"]
[EventRounds "11"]
[EventCountry "RSA"]
[SourceTitle "CBM 171 Extra"]
[Source "ChessBase"]
[SourceDate "2016.04.26"]
[SourceVersion "1"]
[SourceVersionDate "2016.04.26"]
[SourceQuality "1"]

1. e4 e5 2. Nf3 Nc6 3. Bc4 Nf6 4. Nc3 Bc5 5. 0-0 d6 6. h3 0-0 7. d3 Qe7 8. Bg5 h6 9. Bh4 Rd8 10. Nd5 Qe6 11. Nxc7 Qd7 12. Nxa8 b6 13. c3 Bb7 14. d4 exd4 15. cxd4 Bb4 16. d5 Nb8 17. a3 Bc5 18. b4 Bxa8 19. bxc5 dxc5 20. e5 Re8 21. exf6 gxf6 22. Bxf6 Re4 23. Bb5 1-0